00406nam a2200121Ia 4500001000800000005001700008008004100025020001800066245007100084260001900155999002100174952008900195127594820260417160437.0260417s9999 xx 000 0 und d a9786256495111 0aŞahin Bey ve Gönlübollar’ın ZafericBüşra Şen Altun bKetebe Çocuk c1275948d1275948 00104070a1108b1108d2026-04-17l0p11082212r2026-04-17 16:04:37w2026-04-17yBK